[Event "Deutscher Mix-Teampokal U12 2025"]
[Site "Bad Homburg GER"]
[Date "2025.07.19"]
[Round "1"]
[White "Rudnizki, Valentin"]
[Black "Jöhnke, Thore"]
[Result "1-0"]
[Termination "normal"]
[Board "4.1"]
[WhiteElo "1545"]
[BlackElo "1159"]
[WhiteClock "00:41:35"]
[BlackClock "00:37:39"]
[WhiteTeam "Düsseldorfer SK 14/25"]
[BlackTeam "SchVgg Blankenese 1923"]
[PlyCount "55"]
[WhiteFideId "34673369"]
[BlackFideId "34699619"]
[EventCountry "GER"]
[EventRounds "5"]
[EventType "team-swiss"]
[EventDate "2025.07.18"]

1. e4 {[%clk 00:55:04]} {[%emt 00:00:05]} e5 {[%clk 00:55:01]} {[%emt
00:00:10]} 2. Nf3 {[%clk 00:55:00]} {[%emt 00:00:09]} Nc6 {[%clk 00:54:58]}
{[%emt 00:00:08]} 3. Bc4 {[%clk 00:54:50]} {[%emt 00:00:15]} Nf6 {[%clk
00:54:48]} {[%emt 00:00:15]} 4. d3 {[%clk 00:54:33]} {[%emt 00:00:22]} Bc5
{[%clk 00:54:43]} {[%emt 00:00:09]} 5. c3 {[%clk 00:54:31]} {[%emt 00:00:08]}
d6 {[%clk 00:54:38]} {[%emt 00:00:10]} 6. O-O {[%clk 00:53:51]} {[%emt
00:00:45]} O-O {[%clk 00:54:19]} {[%emt 00:00:24]} 7. b4 {[%clk 00:53:30]}
{[%emt 00:00:26]} Bb6 {[%clk 00:54:15]} {[%emt 00:00:09]} 8. a4 {[%clk
00:53:19]} {[%emt 00:00:16]} a6 {[%clk 00:54:10]} {[%emt 00:00:11]} 9. Qb3
{[%clk 00:52:51]} {[%emt 00:00:31]} Bg4 {[%clk 00:53:15]} {[%emt 00:01:02]} 10.
Nbd2 {[%clk 00:51:13]} {[%emt 00:01:41]} Ne7 {[%clk 00:51:39]} {[%emt
00:01:42]} 11. Bb2 {[%clk 00:49:30]} {[%emt 00:01:47]} Ng6 {[%clk 00:50:43]}
{[%emt 00:01:03]} 12. Ng5 {[%clk 00:47:42]} {[%emt 00:01:52]} Qd7 {[%clk
00:48:12]} {[%emt 00:02:37]} 13. d4 {[%clk 00:46:42]} {[%emt 00:01:05]} exd4
{[%clk 00:47:28]} {[%emt 00:00:49]} 14. cxd4 {[%clk 00:46:36]} {[%emt
00:00:11]} c6 {[%clk 00:46:58]} {[%emt 00:00:35]} 15. e5 {[%clk 00:45:11]}
{[%emt 00:01:30]} dxe5 {[%clk 00:45:35]} {[%emt 00:01:27]} 16. dxe5 {[%clk
00:44:44]} {[%emt 00:00:32]} Qxd2 {[%clk 00:45:07]} {[%emt 00:00:34]} 17. exf6
{[%clk 00:43:56]} {[%emt 00:00:53]} Qxg5 {[%clk 00:44:41]} {[%emt 00:00:31]}
18. fxg7 {[%clk 00:43:33]} {[%emt 00:00:28]} Bh3 {[%clk 00:43:33]} {[%emt
00:01:13]} 19. gxf8=Q+ {[%clk 00:43:18]} {[%emt 00:00:19]} Rxf8 {[%clk
00:43:12]} {[%emt 00:00:27]} 20. Qxh3 {[%clk 00:43:16]} {[%emt 00:00:06]} Nf4
{[%clk 00:41:27]} {[%emt 00:01:50]} 21. Qg3 {[%clk 00:42:55]} {[%emt 00:00:16]}
Qxg3 {[%clk 00:40:59]} {[%emt 00:00:44]} 22. hxg3 {[%emt 00:00:11]} Ne6 {[%clk
00:40:40]} {[%emt 00:00:22]} 23. Bxe6 {[%clk 00:42:12]} {[%emt 00:00:44]} fxe6
{[%clk 00:40:29]} {[%emt 00:00:17]} 24. a5 {[%clk 00:42:12]} {[%emt 00:00:05]}
Ba7 {[%clk 00:40:17]} {[%emt 00:00:16]} 25. Rad1 {[%clk 00:42:01]} {[%emt
00:00:17]} c5 {[%clk 00:38:57]} {[%emt 00:01:25]} 26. Rd7 {[%clk 00:41:55]}
{[%emt 00:00:11]} cxb4 {[%clk 00:37:47]} {[%emt 00:01:15]} 27. Rg7+ {[%clk
00:41:34]} {[%emt 00:00:27]} Kh8 {[%clk 00:37:39]} {[%emt 00:00:13]} 28. Rg6+
{[%clk 00:41:35]} {[%emt 00:00:04]} 1-0

[Event "Deutscher Mix-Teampokal U12 2025"]
[Site "Bad Homburg GER"]
[Date "2025.07.19"]
[Round "1"]
[White "Du, Vivian"]
[Black "Estrin, Boris"]
[Result "1/2-1/2"]
[Termination "normal"]
[Board "4.2"]
[WhiteElo "1412"]
[BlackElo "1822"]
[WhiteClock "00:19:30"]
[BlackClock "00:34:24"]
[WhiteTeam "SchVgg Blankenese 1923"]
[BlackTeam "Düsseldorfer SK 14/25"]
[PlyCount "66"]
[WhiteFideId "533025924"]
[BlackFideId "34649859"]
[EventCountry "GER"]
[EventRounds "5"]
[EventType "team-swiss"]
[EventDate "2025.07.18"]

1. e4 {[%clk 00:55:08]} d5 {[%clk 00:55:09]} {[%emt 00:00:02]} 2. exd5 {[%clk
00:55:05]} {[%emt 00:00:09]} Qxd5 {[%clk 00:55:09]} {[%emt 00:00:04]} 3. d4
{[%clk 00:55:01]} {[%emt 00:00:09]} c6 {[%clk 00:54:47]} {[%emt 00:00:28]} 4.
c4 {[%clk 00:54:37]} {[%emt 00:00:29]} Qd8 {[%clk 00:54:38]} {[%emt 00:00:13]}
5. Nf3 {[%clk 00:54:05]} {[%emt 00:00:36]} Bg4 {[%clk 00:54:37]} {[%emt
00:00:07]} 6. Be3 {[%clk 00:53:38]} {[%emt 00:00:32]} Nf6 {[%clk 00:54:25]}
{[%emt 00:00:17]} 7. Nc3 {[%clk 00:53:29]} {[%emt 00:00:13]} e6 {[%clk
00:54:18]} {[%emt 00:00:13]} 8. h3 {[%clk 00:51:40]} {[%emt 00:01:53]} Bh5
{[%clk 00:54:18]} {[%emt 00:00:06]} 9. g4 {[%clk 00:51:01]} {[%emt 00:00:44]}
Bg6 {[%clk 00:54:07]} {[%emt 00:00:16]} 10. Qb3 {[%clk 00:47:55]} {[%emt
00:03:10]} Qc7 {[%clk 00:52:50]} {[%emt 00:01:22]} 11. g5 {[%clk 00:44:05]}
{[%emt 00:03:55]} Ne4 {[%clk 00:52:23]} {[%emt 00:00:32]} 12. Nxe4 {[%clk
00:42:46]} {[%emt 00:01:25]} Bxe4 {[%clk 00:52:20]} {[%emt 00:00:08]} 13. Be2
{[%clk 00:41:57]} {[%emt 00:00:54]} Be7 {[%clk 00:51:16]} {[%emt 00:01:09]} 14.
h4 {[%clk 00:41:14]} {[%emt 00:00:48]} Nd7 {[%clk 00:49:52]} {[%emt 00:01:30]}
15. Rg1 {[%clk 00:39:01]} {[%emt 00:02:17]} Bf5 {[%clk 00:48:36]} {[%emt
00:01:22]} 16. Ne5 {[%clk 00:36:22]} {[%emt 00:02:43]} Nxe5 {[%clk 00:48:15]}
{[%emt 00:00:25]} 17. dxe5 {[%clk 00:36:19]} {[%emt 00:00:09]} b6 {[%clk
00:47:03]} {[%emt 00:01:17]} 18. f4 {[%clk 00:35:08]} {[%emt 00:01:15]} h6
{[%clk 00:45:33]} {[%emt 00:01:36]} 19. Bf3 {[%clk 00:32:49]} {[%emt 00:02:23]}
hxg5 {[%clk 00:44:44]} {[%emt 00:00:53]} 20. hxg5 {[%clk 00:32:42]} {[%emt
00:00:13]} Rh3 {[%clk 00:43:44]} {[%emt 00:01:05]} 21. Bg2 {[%clk 00:31:10]}
{[%emt 00:01:37]} Rh8 {[%clk 00:42:48]} {[%emt 00:01:01]} 22. Qa4 {[%clk
00:29:45]} {[%emt 00:01:31]} Rc8 {[%clk 00:41:55]} {[%emt 00:00:58]} 23. b4
{[%clk 00:28:20]} {[%emt 00:01:29]} Rh7 {[%clk 00:39:44]} {[%emt 00:02:17]} 24.
b5 {[%clk 00:26:14]} {[%emt 00:02:10]} c5 {[%clk 00:39:42]} {[%emt 00:00:08]}
25. Bc6+ {[%clk 00:25:15]} {[%emt 00:01:04]} Kf8 {[%clk 00:39:19]} {[%emt
00:00:29]} 26. Rd1 {[%clk 00:24:16]} {[%emt 00:01:03]} Rd8 {[%clk 00:38:00]}
{[%emt 00:01:24]} 27. Rxd8+ {[%clk 00:23:35]} {[%emt 00:00:46]} Qxd8 {[%clk
00:36:55]} {[%emt 00:01:09]} 28. Qxa7 {[%clk 00:21:48]} {[%emt 00:01:53]} Qd3
{[%clk 00:34:49]} {[%emt 00:02:11]} 29. Qb8+ {[%clk 00:21:02]} {[%emt
00:00:51]} Bd8 {[%clk 00:34:44]} {[%emt 00:00:10]} 30. Qd6+ {[%clk 00:20:47]}
{[%emt 00:00:20]} Be7 {[%clk 00:34:29]} {[%emt 00:00:20]} 31. Qb8+ {[%clk
00:19:33]} {[%emt 00:01:19]} Bd8 {[%clk 00:34:28]} {[%emt 00:00:06]} 32. Qd6+
{[%clk 00:19:30]} {[%emt 00:00:08]} Be7 {[%clk 00:34:27]} {[%emt 00:00:06]} 33.
Qb8+ {[%clk 00:19:30]} {[%emt 00:00:05]} Bd8 {[%clk 00:34:24]} {[%emt
00:00:08]} 1/2-1/2

[Event "Deutscher Mix-Teampokal U12 2025"]
[Site "Bad Homburg GER"]
[Date "2025.07.19"]
[Round "1"]
[White "Özdemir, Anna Valentina"]
[Black "He, Siqi"]
[Result "1-0"]
[Termination "normal"]
[Board "4.3"]
[WhiteElo "1557"]
[BlackElo "1045"]
[WhiteClock "00:38:48"]
[BlackClock "00:42:41"]
[WhiteTeam "Düsseldorfer SK 14/25"]
[BlackTeam "SchVgg Blankenese 1923"]
[PlyCount "73"]
[WhiteFideId "34648712"]
[BlackFideId "34682708"]
[EventCountry "GER"]
[EventRounds "5"]
[EventType "team-swiss"]
[EventDate "2025.07.18"]

1. e4 {[%clk 00:55:07]} {[%emt 00:00:02]} e5 {[%clk 00:55:06]} {[%emt
00:00:05]} 2. Nf3 {[%clk 00:55:08]} {[%emt 00:00:05]} Nc6 {[%clk 00:55:05]}
{[%emt 00:00:06]} 3. d4 {[%clk 00:55:06]} {[%emt 00:00:06]} d6 {[%clk
00:54:17]} {[%emt 00:00:52]} 4. dxe5 {[%clk 00:54:53]} {[%emt 00:00:18]} dxe5
{[%clk 00:54:05]} {[%emt 00:00:18]} 5. Qxd8+ {[%clk 00:54:44]} {[%emt
00:00:13]} Kxd8 {[%clk 00:54:02]} {[%emt 00:00:09]} 6. Nc3 {[%clk 00:54:20]}
{[%emt 00:00:29]} Nf6 {[%clk 00:54:00]} {[%emt 00:00:07]} 7. Bb5 {[%clk
00:54:16]} {[%emt 00:00:09]} Bb4 {[%clk 00:53:49]} {[%emt 00:00:16]} 8. Bxc6
{[%clk 00:53:16]} {[%emt 00:01:04]} Bxc3+ {[%clk 00:53:21]} {[%emt 00:00:35]}
9. bxc3 {[%clk 00:53:09]} {[%emt 00:00:12]} bxc6 {[%clk 00:53:15]} {[%emt
00:00:10]} 10. Nxe5 {[%clk 00:52:37]} {[%emt 00:00:36]} Re8 {[%clk 00:52:34]}
{[%emt 00:00:35]} 11. Nxf7+ {[%clk 00:50:52]} {[%emt 00:02:01]} Kd7 {[%clk
00:52:23]} {[%emt 00:00:14]} 12. f3 {[%clk 00:50:01]} {[%emt 00:00:57]} h6
{[%clk 00:51:41]} {[%emt 00:00:45]} 13. Bf4 {[%clk 00:48:15]} {[%emt 00:01:52]}
Rf8 {[%clk 00:50:52]} {[%emt 00:00:50]} 14. Ne5+ {[%clk 00:48:13]} {[%emt
00:00:11]} Ke6 {[%clk 00:49:56]} {[%emt 00:01:01]} 15. Nxc6 {[%clk 00:46:54]}
{[%emt 00:01:25]} Ne8 {[%clk 00:49:42]} {[%emt 00:00:18]} 16. Nd4+ {[%clk
00:45:45]} {[%emt 00:01:15]} Kd7 {[%clk 00:49:29]} {[%emt 00:00:17]} 17. Bg3
{[%clk 00:45:12]} {[%emt 00:00:39]} Kd8 {[%clk 00:48:47]} {[%emt 00:00:42]} 18.
Rd1 {[%clk 00:44:24]} {[%emt 00:00:57]} Bd7 {[%clk 00:47:40]} {[%emt 00:00:37]}
19. Ne6+ {[%clk 00:44:19]} {[%emt 00:00:45]} Ke7 {[%clk 00:47:34]} {[%emt
00:00:11]} 20. Nxf8 {[%clk 00:44:13]} {[%emt 00:00:11]} Kxf8 {[%clk 00:47:31]}
{[%emt 00:00:08]} 21. Rxd7 {[%clk 00:43:46]} {[%emt 00:00:32]} Rb8 {[%clk
00:47:11]} {[%emt 00:00:19]} 22. O-O {[%clk 00:43:34]} {[%emt 00:00:23]} Rb2
{[%emt 00:00:47]} 23. Bxc7 {[%clk 00:42:34]} {[%emt 00:01:02]} Rxc2 {[%clk
00:46:24]} {[%emt 00:00:12]} 24. Bb8 {[%clk 00:41:49]} {[%emt 00:00:51]} Rxc3
{[%clk 00:46:07]} {[%emt 00:00:22]} 25. Bxa7 {[%clk 00:41:25]} {[%emt
00:00:28]} Ra3 {[%clk 00:46:01]} {[%emt 00:00:12]} 26. Bc5+ {[%clk 00:41:21]}
{[%emt 00:00:09]} Nd6 {[%clk 00:45:35]} {[%emt 00:00:30]} 27. Bxd6+ {[%clk
00:41:16]} {[%emt 00:00:12]} Ke8 {[%clk 00:45:32]} {[%emt 00:00:07]} 28. Bxa3
{[%clk 00:40:49]} {[%emt 00:00:31]} Kxd7 {[%clk 00:45:32]} {[%emt 00:00:06]}
29. Re1 {[%clk 00:40:44]} {[%emt 00:00:10]} Ke6 {[%clk 00:45:25]} {[%emt
00:00:12]} 30. e5 {[%clk 00:40:40]} {[%emt 00:00:09]} Kd7 {[%clk 00:44:58]}
{[%emt 00:00:26]} 31. e6+ {[%clk 00:40:41]} {[%emt 00:00:10]} Kc6 {[%clk
00:43:56]} {[%emt 00:01:04]} 32. e7 {[%clk 00:40:39]} {[%emt 00:00:10]} Kd5
{[%clk 00:43:52]} {[%emt 00:00:08]} 33. e8=Q {[%clk 00:40:36]} {[%emt
00:00:09]} Kc4 {[%clk 00:43:46]} {[%emt 00:00:12]} 34. Qc6+ {[%clk 00:40:32]}
{[%emt 00:00:10]} Kd3 {[%clk 00:43:32]} {[%emt 00:00:17]} 35. Rd1+ {[%clk
00:40:22]} {[%emt 00:00:17]} Ke2 {[%clk 00:42:52]} {[%emt 00:00:40]} 36. Qc2+
{[%clk 00:40:08]} {[%emt 00:00:22]} Ke3 {[%clk 00:42:41]} {[%emt 00:00:10]} 37.
Bc1# {[%clk 00:38:48]} {[%emt 00:00:19]} 1-0

[Event "Deutscher Mix-Teampokal U12 2025"]
[Site "Bad Homburg GER"]
[Date "2025.07.19"]
[Round "1"]
[White "Sengupta, Arjun"]
[Black "Satheesh, Yazhini"]
[Result "1-0"]
[Termination "normal"]
[Board "4.4"]
[WhiteElo "1017"]
[BlackElo "1434"]
[WhiteClock "00:37:42"]
[BlackClock "00:03:56"]
[WhiteTeam "SchVgg Blankenese 1923"]
[BlackTeam "Düsseldorfer SK 14/25"]
[PlyCount "133"]
[WhiteFideId "34699937"]
[BlackFideId "34655468"]
[EventCountry "GER"]
[EventRounds "5"]
[EventType "team-swiss"]
[EventDate "2025.07.18"]

1. e4 {[%clk 00:55:07]} {[%emt 00:00:02]} e5 {[%clk 00:55:02]} {[%emt
00:00:08]} 2. Nf3 {[%clk 00:55:09]} {[%emt 00:00:04]} Nc6 {[%clk 00:54:48]}
{[%emt 00:00:18]} 3. Bc4 {[%clk 00:55:07]} {[%emt 00:00:07]} Bc5 {[%clk
00:54:00]} {[%emt 00:00:46]} 4. d3 {[%clk 00:55:08]} {[%emt 00:00:12]} Nf6
{[%clk 00:52:32]} {[%emt 00:01:32]} 5. Nc3 {[%clk 00:55:02]} {[%emt 00:00:12]}
d6 {[%clk 00:51:56]} {[%emt 00:00:41]} 6. Bg5 {[%clk 00:54:55]} {[%emt
00:00:11]} Bg4 {[%clk 00:51:23]} {[%emt 00:00:35]} 7. h3 {[%clk 00:54:47]}
{[%emt 00:00:16]} Bh5 {[%clk 00:51:01]} {[%emt 00:00:23]} 8. g4 {[%clk
00:54:28]} {[%emt 00:00:28]} Bg6 {[%clk 00:49:59]} {[%emt 00:01:05]} 9. Nd5
{[%clk 00:54:15]} {[%emt 00:00:20]} a6 {[%clk 00:45:26]} {[%emt 00:04:36]} 10.
Nxf6+ {[%clk 00:53:20]} {[%emt 00:01:01]} gxf6 {[%clk 00:45:05]} {[%emt
00:00:26]} 11. Bh4 {[%clk 00:53:18]} {[%emt 00:00:07]} Qe7 {[%clk 00:41:42]}
{[%emt 00:03:21]} 12. Qe2 {[%clk 00:52:57]} {[%emt 00:00:33]} Bb4+ {[%clk
00:39:56]} {[%emt 00:01:48]} 13. c3 {[%clk 00:52:54]} {[%emt 00:00:13]} Bc5
{[%clk 00:37:26]} {[%emt 00:02:23]} 14. O-O-O {[%clk 00:52:31]} {[%emt
00:00:38]} O-O-O {[%clk 00:35:54]} {[%emt 00:01:38]} 15. g5 {[%clk 00:52:12]}
{[%emt 00:00:23]} fxg5 {[%clk 00:31:28]} {[%emt 00:04:31]} 16. Bxg5 {[%clk
00:52:01]} {[%emt 00:00:17]} f6 {[%clk 00:31:01]} {[%emt 00:00:31]} 17. Bh6
{[%clk 00:51:52]} {[%emt 00:00:15]} Bh5 {[%clk 00:28:53]} {[%emt 00:02:02]} 18.
Rhg1 {[%clk 00:51:20]} {[%emt 00:00:47]} Rhg8 {[%clk 00:27:54]} {[%emt
00:01:04]} 19. Rxg8 {[%clk 00:51:00]} {[%emt 00:00:25]} Rxg8 {[%clk 00:27:15]}
{[%emt 00:00:44]} 20. Bxg8 {[%clk 00:50:54]} {[%emt 00:00:12]} Qe8 {[%clk
00:24:00]} {[%emt 00:03:09]} 21. Bc4 {[%clk 00:50:19]} {[%emt 00:00:50]} Qg6
{[%clk 00:22:30]} {[%emt 00:01:23]} 22. Bd2 {[%clk 00:50:11]} {[%emt 00:00:25]}
Qg2 {[%clk 00:20:59]} {[%emt 00:01:21]} 23. Be6+ {[%clk 00:48:49]} {[%emt
00:01:41]} Kd8 {[%emt 00:03:27]} 24. Bg4 {[%clk 00:48:31]} Bxg4 {[%clk
00:16:29]} {[%emt 00:01:37]} 25. hxg4 {[%clk 00:48:19]} {[%emt 00:00:17]} Qxg4
{[%clk 00:15:38]} {[%emt 00:00:55]} 26. Ng1 {[%clk 00:47:08]} {[%emt 00:01:17]}
Qg2 {[%clk 00:14:52]} {[%emt 00:00:39]} 27. Qf3 {[%clk 00:47:01]} {[%emt
00:00:25]} Qxf2 {[%clk 00:14:04]} {[%emt 00:00:51]} 28. Qxf2 {[%clk 00:46:57]}
{[%emt 00:00:11]} Bxf2 {[%clk 00:14:05]} {[%emt 00:00:04]} 29. Rf1 {[%clk
00:46:45]} {[%emt 00:00:16]} Bh4 {[%clk 00:13:43]} {[%emt 00:00:21]} 30. Ne2
{[%clk 00:45:53]} {[%emt 00:01:01]} Ke7 {[%clk 00:12:55]} {[%emt 00:00:49]} 31.
Rh1 {[%clk 00:45:50]} {[%emt 00:00:13]} Bg5 {[%clk 00:11:38]} {[%emt 00:01:22]}
32. Bxg5 {[%clk 00:45:36]} {[%emt 00:00:20]} fxg5 {[%clk 00:11:33]} {[%emt
00:00:10]} 33. Rxh7+ {[%clk 00:45:35]} {[%emt 00:00:06]} Kd8 {[%emt 00:00:29]}
34. Rg7 {[%clk 00:45:21]} {[%emt 00:00:03]} g4 {[%clk 00:10:55]} {[%emt
00:00:34]} 35. Rxg4 {[%clk 00:45:13]} {[%emt 00:00:14]} Kd7 {[%clk 00:10:27]}
{[%emt 00:00:33]} 36. d4 {[%clk 00:45:02]} {[%emt 00:00:16]} exd4 {[%clk
00:10:17]} {[%emt 00:00:15]} 37. Nxd4 {[%clk 00:44:46]} {[%emt 00:00:22]} Nxd4
{[%clk 00:09:19]} {[%emt 00:01:03]} 38. cxd4 {[%emt 00:00:43]} Kc6 {[%clk
00:08:47]} {[%emt 00:00:07]} 39. e5 {[%clk 00:43:57]} {[%emt 00:00:45]} dxe5
{[%clk 00:08:36]} {[%emt 00:00:16]} 40. dxe5 {[%clk 00:43:57]} {[%emt
00:00:06]} Kd5 {[%clk 00:08:24]} {[%emt 00:00:14]} 41. Rg7 {[%clk 00:43:56]}
{[%emt 00:00:08]} Kxe5 {[%clk 00:08:00]} {[%emt 00:00:28]} 42. Rxc7 {[%clk
00:43:47]} {[%emt 00:00:14]} Kd6 {[%clk 00:07:50]} {[%emt 00:00:15]} 43. Rxb7
{[%clk 00:43:33]} {[%emt 00:00:21]} Kc6 {[%clk 00:07:44]} {[%emt 00:00:09]} 44.
Rb3 {[%clk 00:43:30]} {[%emt 00:00:10]} Kc5 {[%clk 00:07:34]} {[%emt 00:00:13]}
45. Kc2 {[%clk 00:43:19]} {[%emt 00:00:18]} a5 {[%clk 00:07:17]} {[%emt
00:00:22]} 46. a4 {[%clk 00:42:55]} {[%emt 00:00:29]} Kc4 {[%clk 00:06:46]}
{[%emt 00:00:35]} 47. Rb5 {[%clk 00:42:53]} {[%emt 00:00:09]} Kd4 {[%clk
00:06:37]} {[%emt 00:00:12]} 48. Rxa5 {[%clk 00:42:48]} {[%emt 00:00:11]} Kc4
{[%clk 00:06:36]} {[%emt 00:00:06]} 49. Ra8 {[%clk 00:42:38]} {[%emt 00:00:15]}
Kc5 {[%clk 00:06:28]} {[%emt 00:00:13]} 50. Rb8 {[%clk 00:42:13]} {[%emt
00:00:30]} Kc6 {[%clk 00:06:25]} {[%emt 00:00:08]} 51. a5 {[%clk 00:42:02]}
{[%emt 00:00:17]} Kc7 {[%clk 00:06:25]} {[%emt 00:00:04]} 52. Rb3 {[%clk
00:42:03]} {[%emt 00:00:05]} Kc6 {[%clk 00:06:15]} {[%emt 00:00:14]} 53. a6
{[%clk 00:42:05]} {[%emt 00:00:03]} Kc5 {[%clk 00:06:14]} {[%emt 00:00:05]} 54.
a7 {[%clk 00:42:01]} {[%emt 00:00:10]} Kc6 {[%clk 00:06:15]} {[%emt 00:00:04]}
55. a8=Q+ {[%clk 00:41:24]} {[%emt 00:00:42]} Kc7 {[%clk 00:06:07]} {[%emt
00:00:09]} 56. Qa5+ {[%clk 00:41:03]} {[%emt 00:00:28]} Kc6 {[%clk 00:06:05]}
{[%emt 00:00:07]} 57. Rc3+ {[%clk 00:40:45]} {[%emt 00:00:25]} Kd6 {[%clk
00:05:59]} {[%emt 00:00:09]} 58. Qa6+ {[%clk 00:40:34]} {[%emt 00:00:18]} Kd5
{[%clk 00:05:53]} {[%emt 00:00:09]} 59. Qc4+ {[%clk 00:40:22]} {[%emt
00:00:19]} Kd6 {[%clk 00:05:38]} {[%emt 00:00:19]} 60. Qd4+ {[%clk 00:40:07]}
{[%emt 00:00:21]} Ke6 {[%clk 00:05:22]} {[%emt 00:00:21]} 61. Re3+ {[%clk
00:39:36]} {[%emt 00:00:36]} Kf5 {[%clk 00:04:52]} {[%emt 00:00:34]} 62. Qe4+
{[%clk 00:39:11]} {[%emt 00:00:31]} Kg5 {[%clk 00:04:45]} {[%emt 00:00:11]} 63.
Qf3 {[%clk 00:38:19]} {[%emt 00:00:58]} Kg6 {[%clk 00:04:25]} {[%emt 00:00:23]}
64. Qf4 {[%clk 00:38:04]} {[%emt 00:00:18]} Kh5 {[%clk 00:04:02]} {[%emt
00:00:26]} 65. Qg3 {[%clk 00:37:55]} {[%emt 00:00:20]} Kh6 {[%clk 00:03:56]}
{[%emt 00:00:11]} 66. Qg4 {[%clk 00:37:47]} {[%emt 00:00:10]} Kh7 {[%clk
00:03:56]} {[%emt 00:00:08]} 67. Rh3# {[%clk 00:37:42]} {[%emt 00:00:07]} 1-0

[Event "Deutscher Mix-Teampokal U12 2025"]
[Site "Bad Homburg GER"]
[Date "2025.07.19"]
[Round "1"]
[White "Schreiner, Moritz"]
[Black "Bayer, Klara"]
[Result "0-1"]
[Termination "normal"]
[Board "5.1"]
[WhiteElo "822"]
[BlackElo "1741"]
[WhiteClock "00:00:10"]
[BlackClock "00:00:56"]
[WhiteTeam "SC Pirmasens 1912"]
[BlackTeam "SC Zitadelle Spandau 1977"]
[PlyCount "70"]
[WhiteFideId "533050732"]
[BlackFideId "34658955"]
[EventCountry "GER"]
[EventRounds "5"]
[EventType "team-swiss"]
[EventDate "2025.07.18"]

1. e4 {[%clk 00:55:09]} c5 {[%clk 00:55:04]} {[%emt 00:00:06]} 2. Nc3 {[%clk
00:55:07]} {[%emt 00:00:08]} d6 {[%clk 00:55:04]} {[%emt 00:00:04]} 3. f4
{[%clk 00:54:42]} {[%emt 00:00:31]} e6 {[%clk 00:54:37]} {[%emt 00:00:32]} 4.
Nf3 {[%clk 00:54:16]} {[%emt 00:00:30]} Nf6 {[%clk 00:54:30]} {[%emt 00:00:13]}
5. Bb5+ {[%clk 00:51:30]} {[%emt 00:02:51]} Nbd7 {[%clk 00:53:54]} {[%emt
00:00:41]} 6. O-O {[%clk 00:50:31]} {[%emt 00:01:04]} a6 {[%clk 00:53:50]}
{[%emt 00:00:08]} 7. Bc4 {[%clk 00:46:17]} {[%emt 00:04:20]} b5 {[%clk
00:53:42]} {[%emt 00:00:12]} 8. Be2 {[%clk 00:45:04]} {[%emt 00:01:18]} Bb7
{[%clk 00:53:15]} {[%emt 00:00:32]} 9. d3 {[%clk 00:44:29]} {[%emt 00:00:41]}
Be7 {[%clk 00:53:13]} {[%emt 00:00:07]} 10. Bd2 {[%clk 00:41:23]} {[%emt
00:03:10]} O-O {[%clk 00:52:23]} {[%emt 00:00:55]} 11. e5 {[%clk 00:37:18]}
{[%emt 00:04:11]} dxe5 {[%clk 00:49:06]} {[%emt 00:03:22]} 12. fxe5 {[%clk
00:36:37]} {[%emt 00:00:46]} Ng4 {[%clk 00:47:46]} {[%emt 00:01:23]} 13. Bf4
{[%clk 00:34:29]} {[%emt 00:02:14]} Qc7 {[%clk 00:44:06]} {[%emt 00:03:45]} 14.
Re1 {[%clk 00:27:50]} {[%emt 00:06:44]} Ngxe5 {[%clk 00:42:27]} {[%emt
00:01:44]} 15. Nxe5 {[%clk 00:25:30]} {[%emt 00:02:25]} Nxe5 {[%clk 00:42:14]}
{[%emt 00:00:18]} 16. Bxe5 {[%clk 00:24:47]} {[%emt 00:00:48]} Qxe5 {[%clk
00:42:12]} {[%emt 00:00:07]} 17. Bf3 {[%clk 00:23:57]} {[%emt 00:00:55]} Qd4+
{[%clk 00:41:55]} {[%emt 00:00:22]} 18. Kh1 {[%clk 00:22:32]} {[%emt 00:01:30]}
Bxf3 {[%clk 00:41:49]} {[%emt 00:00:11]} 19. Qxf3 {[%clk 00:22:09]} {[%emt
00:00:29]} Qf6 {[%clk 00:40:55]} {[%emt 00:00:58]} 20. Qb7 {[%clk 00:15:48]}
{[%emt 00:06:26]} Rfb8 {[%clk 00:33:24]} {[%emt 00:07:35]} 21. Qc7 {[%clk
00:13:35]} {[%emt 00:02:19]} Rc8 {[%clk 00:27:36]} {[%emt 00:05:52]} 22. Qb7
{[%clk 00:13:02]} {[%emt 00:00:39]} Bf8 {[%clk 00:24:19]} {[%emt 00:03:22]} 23.
Rf1 {[%clk 00:11:18]} {[%emt 00:01:49]} Qd4 {[%clk 00:20:17]} {[%emt 00:04:05]}
24. Qxf7+ {[%clk 00:08:55]} {[%emt 00:02:29]} Kh8 {[%clk 00:20:14]} {[%emt
00:00:08]} 25. Qxe6 {[%clk 00:07:03]} {[%emt 00:01:58]} c4 {[%clk 00:19:53]}
{[%emt 00:00:27]} 26. Rad1 {[%clk 00:04:21]} {[%emt 00:02:46]} Re8 {[%clk
00:15:03]} {[%emt 00:04:54]} 27. Qf7 {[%clk 00:03:05]} {[%emt 00:01:22]} Rac8
{[%clk 00:09:26]} {[%emt 00:05:40]} 28. Rf4 {[%clk 00:01:30]} {[%emt 00:01:42]}
Qe3 {[%clk 00:02:25]} {[%emt 00:07:05]} 29. Rdf1 {[%clk 00:00:55]} {[%emt
00:00:41]} Qe7 {[%clk 00:01:28]} {[%emt 00:01:02]} 30. Qxe7 {[%clk 00:00:26]}
{[%emt 00:00:35]} Bxe7 {[%clk 00:01:25]} {[%emt 00:00:07]} 31. Nd5 {[%clk
00:00:25]} {[%emt 00:00:05]} Bd6 {[%clk 00:01:17]} {[%emt 00:00:12]} 32. Rf7
{[%clk 00:00:08]} {[%emt 00:00:25]} cxd3 33. cxd3 {[%clk 00:00:12]} Rcd8 {[%clk
00:01:02]} {[%emt 00:00:12]} 34. Nc7 {[%clk 00:00:06]} {[%emt 00:00:11]} Bxc7
{[%clk 00:00:55]} {[%emt 00:00:12]} 35. Rxc7 {[%clk 00:00:10]} Rxd3 {[%clk
00:00:56]} {[%emt 00:00:05]} 0-1